Statistics for British Supermarkets by Number of Stores

Click here to take the quiz!

General Stats

  • This quiz has been taken 70 times
  • The average score is 8 of 15

Answer Stats

SupermarketNumber of stores% Correct
Tesco3,493
100%
Sainsbury's1,304
95%
Aldi830
91%
Lidl760
91%
Asda603
88%
Morrisons569
82%
Waitrose344
82%
Co-op4,022
70%
Iceland994
53%
Marks & Spencer852
28%
Farmfoods320
25%
Booths28
16%
Budgens190
16%
Heron Foods290
12%
Fulton's Foods100
0%

Score Distribution

Percentile by Number Answered

Percent of People with Each Score

Your Score History

You have not taken this quiz